| 000 | 00677cam a2200217 4500 | ||
|---|---|---|---|
| 001 | WB3631-29 | ||
| 008 | 000000n2000 000 0 eng u | ||
| 035 | _a(Sirsi) u107570 | ||
| 245 | _aHousebuilding June 2000 | ||
| 260 | _c2000 | ||
| 490 |
_aDETR Information Bulletin _v(HB8) 3 August 2000 (2) |
||
| 520 | _aLatest housebuilding figures for June 2000 show that 17,500 dwellings were started compared with 16,100 in June 1999. In 2Q 2000 total starts were down by 4%. | ||
| 590 | _aWB | ||
| 650 | _aHOUSING STARTS | ||
| 650 | _aHOUSE BUILDING | ||
| 650 | _aNEW HOUSES | ||
| 650 | _aSTATISTICS | ||
| 650 | _aTRENDS | ||
| 690 | _aHOUSING-DEVELOPMENT | ||
| 942 | _n0 | ||
| 999 |
_c64283 _d64283 |
||